header

Jews & diaspora nationalism (Record no. 49930)

MARC details
000 -LEADER
fixed length control field 02017nam a2200469 a 4500
082 04 - DEWEY DECIMAL CLASSIFICATION NUMBER
Classification number 320.54095694
245 00 - TITLE STATEMENT
Title Jews & diaspora nationalism
260 ## - PUBLICATION, DISTRIBUTION, ETC. (IMPRINT)
Place of publication Waltham, Mass. :
Name of publisher Brandeis University Press,
Year of publication 2012.
300 ## - PHYSICAL DESCRIPTION
Number of Pages xli, 251 p.
490 1# - SERIES STATEMENT
Series statement The Tauber institute series for the study of European Jewry
Series statement The Brandeis library of modern Jewish thought
505 0# - FORMATTED CONTENTS NOTE
Formatted contents note Pt. 1 From Haskala to national renaissance -- pt. 2. Socialism and the question of Jewish peoplehood -- pt. 3 Preservation and reconstruction in the republics.
650 #0 - SUBJECT ADDED ENTRY--TOPICAL TERM
Topical Term Jewish nationalism
Topical Term Jews
Topical Term Jewish nationalism
Topical Term Zionism.
Topical Term Judaism and politics.
Topical Term Socialism and Judaism.
Topical Term Jews
700 1# - ADDED ENTRY--PERSONAL NAME
Personal name Rabinovitch, Simon.
856 40 - ELECTRONIC LOCATION AND ACCESS
Uniform Resource Identifier http://site.ebrary.com/lib/rucke/Doc?id=10628398

No items available.

© 2026 Rongo University
Contact us: librarian | system librarian | Rongo university